000 00760nam a2200253Ia 4500
003 OSt
005 20220918171150.0
006 a|||||r|||| 00| 0
007 ta
008 220917b |||||||| |||| 00| 0 eng d
020 _a9781405145770 (pbk)
_c2681.01
024 _a236,657
037 _b5184, 12/11/2008, Shakti Book House
_cTextual
040 _aARTS
_cARTS
_beng
041 _2eng
_aeng
082 _aY:1, P8
100 _aRyan Michael Ed.
_934595
245 0 _aCultural studies
_b An anthology
260 _aMalden
_bBlackwell Publishing USA
_c2008
300 _axxviii,1352p.
_ccm.
650 _aENGLISH LITERATURE
942 _hY:1, P8
_cTEXL
_2CC
999 _c138186
_d138186